Statistics for august - Taylor Swift (All Lyrics)

Click here to take the quiz!

General Stats

  • This quiz has been taken 7,986 times
  • The average score is 331 of 360

Answer Stats

Answer% Correct
a
100%
I
100%
August
99%
august
99%
the
99%
You
99%
you
99%
And
98%
and
98%
in
98%
mine
98%
Never
98%
never
98%
of
98%
away
97%
can
97%
me
97%
we
97%
when
97%
it
96%
slipped
96%
was
96%
were
96%
Cause
95%
see
95%
time
95%
Your
95%
your
95%
moment
94%
my
94%
on
94%
do
93%
air
92%
for
92%
For
92%
like
92%
lost
92%
memory
92%
Salt
92%
us
92%
all
91%
Back
91%
back
91%
bottle
91%
call
91%
hope
90%
just
90%
wine
90%
Cancel
89%
case
89%
door
89%
more
89%
plans
89%
anything
88%
are
88%
But
88%
ever
88%
have
88%
To
88%
to
88%
behind
87%
mall
87%
bedsheets
86%
before
86%
meet
86%
Meet
86%
needed
86%
remember
86%
Remember
86%
sure
86%
rust
85%
then
85%
Whispers
85%
car
84%
get
83%
said
83%
you'd
83%
twisted
82%
enough
81%
had
80%
livin
80%
lose
80%
say
80%
love
79%
So
79%
up
79%
beneath
78%
better
78%
could
78%
into
78%
live
78%
name
78%
summer
78%
sun
78%
changin
77%
pulled
77%
still
77%
Wanting
77%
thinkin
76%
weren't
76%
Wishin
76%
write
76%
you're
76%
much
75%
at
74%
school
73%
saying
65%
sipped
65%
canceled
63%
Will
57%
no
55%

Score Distribution

Percentile by Number Answered

Percent of People with Each Score

Your Score History

You have not taken this quiz